000 01477cam a2200421 4500
001 21292
003 VRT
005 20260226094155.0
008 200402s2019 xo gr 000 f slo
015 _aSNBA2019/05
020 _a9788056904046
_q(viazané)
035 _aurn:nbn:sk:snk-am00dldl
035 _aurn:nbn:sk:snk-am3i62p
035 _aCADA2245-9BDA-46AB-ABF6-F552714C3985
039 9 _a202310241422
_bAUTHORITY
_c202004020844
_dVLOAD
_c201905171230
_dmsnk21
_c201905091427
_dmsnk04
040 _aPPPK
_bslo
_cPPPK
_dSNK
_erda
041 0 _aslo
044 _axo
_cSK
072 7 _a821.162.4-3
_xSlovenská próza
_2konspekt
080 _a821.162.4-31
_22011
100 1 _aHavranová, Ivana,
_d1952-
_4aut
245 1 0 _aCestovný lístok
_cIvana Havranová
250 _a1. vydanie
264 1 _aBratislava
_bMarenčin PT
_c2019
300 _a141 strán
_c21 cm
336 _atext
_btxt
_2rdacontent
337 _abez média
_bn
_2rdamedia
338 _azväzok
_bnc
_2rdacarrier
655 7 _aslovenské romány
_2SNKPH
655 7 _aSlovak fiction
_2SNKPHeng
942 _2ddc
_cKLDO
_n0
949 _617A1364718
_asnkSC 184241
_bsnk2019/12986
_o909/19
_s6100:20190523
949 _617A1364719
_asnkSC 184241 D1
_bsnk2019/12987
_o909/19
949 _6270001000602098
_asvkbbA 157306
_bsvkbbm 783132
949 _6273K0651043
_asvkpoA 244843
_bsvkpo644632
949 _62889343879
_asavukPV 28055
_bsavuk2019/1745
999 _c21292
_d21292